Tance

Hlavní autor: Konečná, Eva
Další autoři: Livorová, Helena, 1911-, Hrkalová, Liběna
Jazyk: Nelze použít, není lingvistický obsah
Vydáno: Praha : Orbis, 1953
Fyzický popis: 11 s.
Hudebniny Hudebniny
Uloženo v:
LEADER 00791ncm a22002412a 4500
001 001186605
003 CZ BrMZK
005 20240403065906.0
007 qu
008 111215s1953 xr |||||||||||||||||zxx d
040 |a BOA001  |b cze 
072 7 |a 786  |x Hudba pro klávesové nástroje  |2 Konspekt  |9 9 
100 1 |a Konečná, Eva  |4 cmp 
245 1 0 |a Tance  |h [hudebnina] /  |c Eva Konečná ; tance sestavily Helena Livorová, Liběna Hrkalová 
260 |a Praha :  |b Orbis,  |c 1953 
300 |a 11 s. 
500 |a Klavír 
700 1 |a Livorová, Helena,  |d 1911-  |7 jk01072306  |4 com 
700 1 |a Hrkalová, Liběna  |7 jx20100119017  |4 aut 
910 |a BOA001  |b Mus4-0304.151 
990 |a MU 
991 |b 201112 
996 6 |b 2619564707  |c Mus4-0304.151  |l MZK  |r Sklad / do 1 hodiny  |n 0  |w 001219986  |u 000010  |a 1  |e BOA001  |j MZK50  |s P